| 000 | 00832cac a22002651i 4500 | ||
|---|---|---|---|
| 003 | EG-ScBUE | ||
| 005 | 20230222054444.0 | ||
| 008 | 100412t2002 cc a f 000 0 eng d | ||
| 020 | _a9627723568 | ||
| 020 | _a9789627723561 | ||
| 040 |
_aEG-ScBUE _beng _erda _cEG-ScBUE _dEG-ScBUE |
||
| 082 | 0 | 4 |
_222 _a728.8 _bDRE |
| 245 |
_aDream Houses / _cedited by Bernard Chan. |
||
| 264 | 1 |
_aChina : _bPace Publishing, _c2002. |
|
| 300 |
_a223 pages : _bcolor illustrations ; _c31 cm. |
||
| 336 |
_2rdacontent _atext _btxt |
||
| 337 |
_2rdamedia _aunmediated _bn |
||
| 338 |
_2rdacarrier _avolume _bnc |
||
| 490 | 0 | _aHundred outstanding architects | |
| 650 | 7 |
_aArchitecture, domestic _xpictorial works. _2BUEsh _913446 |
|
| 653 | _bENGARC | ||
| 655 | _vReading book | ||
| 700 | 1 |
_aChan, Bernard, _eeditor. _913447 |
|
| 942 |
_cBB _k728.8 DRE _2ddc |
||
| 999 |
_c3567 _d3567 |
||